003410000a2200073000450024501190000004100140011910000280013377301060016110aRegistro de las condiciones ambientales de la laguna sur () entre 1981-19840 aEspañol1 aAlvarez León, Ricardo1 tRevista de la Academia Colombiana de Ciencias Exactas, Fisicas y Naturales332h74q509-526d1995g19